Nghiên cứu tổng hợp microcrystalline cellulose từ bông hút nước : Bảo cáo tổng kết đề tài khoa học và công nghệ cấp Trường
Nghiên cứu tổng hợp microcrystalline cellulose từ bông hút nước, ứng dụng trong điều chế thuốc
Na minha lista:
| Formato: | Livro |
|---|---|
| Idioma: | Undetermined |
| Publicado em: |
Cần Thơ
Trường Đại học Cần Thơ
2011
|
| Assuntos: | |
| Tags: |
Adicionar Tag
Sem tags, seja o primeiro a adicionar uma tag!
|
| Thư viện lưu trữ: | Trung tâm Học liệu Trường Đại học Cần Thơ |
|---|
| LEADER | 01039nam a2200217Ia 4500 | ||
|---|---|---|---|
| 001 | CTU_203310 | ||
| 008 | 210402s9999 xx 000 0 und d | ||
| 082 | |a 615.19 | ||
| 082 | |b Ngh305 | ||
| 088 | |a TSV2011-24 | ||
| 245 | 0 | |a Nghiên cứu tổng hợp microcrystalline cellulose từ bông hút nước : | |
| 245 | 0 | |b Bảo cáo tổng kết đề tài khoa học và công nghệ cấp Trường | |
| 245 | 0 | |c Phan Thanh Sử ... [et al.] (Chủ nhiệm đề tài) ; Lương Huỳnh Vũ Thanh (cán bộ hướng dẫn) | |
| 260 | |a Cần Thơ | ||
| 260 | |b Trường Đại học Cần Thơ | ||
| 260 | |c 2011 | ||
| 520 | |a Nghiên cứu tổng hợp microcrystalline cellulose từ bông hút nước, ứng dụng trong điều chế thuốc | ||
| 650 | |a Chemistry, medical and pharmaceutical,Hóa học, dược học và dược lý | ||
| 904 | |i Nguyên | ||
| 915 | |a CN | ||
| 980 | |a Trung tâm Học liệu Trường Đại học Cần Thơ | ||